[Event "Dutch Open 2010"]
[Site "Dieren NED"]
[Date "2010.08.05"]
[Round "9.18"]
[White "Kabos, Tobias"]
[Black "De Ruiter, Danny"]
[Result "1/2-1/2"]
[WhiteElo "2214"]
[BlackElo "2116"]
[PlyCount "25"]
[EventDate "2010.07.27"]
[EventType "swiss"]
[EventRounds "9"]
[EventCountry "NED"]
[Source "lmi"]
[SourceDate "2010.07.27"]

1. e4 c5 2. Nf3 e6 3. d4 cxd4 4. Nxd4 Nc6 5. Nc3 Qc7 6. Be3 a6 7. Qd2 Nf6 8.
O-O-O Bb4 9. f3 Ne5 10. Nb3 b5 11. Qe1 Rb8 12. Bd4 Nc6 13. e5 1/2-1/2

[Event "Dutch Open 2010"]
[Site "Dieren NED"]
[Date "2010.08.05"]
[Round "9.19"]
[White "Merza, Morris"]
[Black "Kahleys, Kevin"]
[Result "1/2-1/2"]
[WhiteElo "2063"]
[BlackElo "2071"]
[PlyCount "23"]
[EventDate "2010.07.27"]
[EventType "swiss"]
[EventRounds "9"]
[EventCountry "NED"]
[Source "lmi"]
[SourceDate "2010.07.27"]

1. e4 e6 2. Nf3 d5 3. e5 c5 4. b4 cxb4 5. a3 Nc6 6. axb4 Bxb4 7. c3 Be7 8. d4
f6 9. Bd3 fxe5 10. dxe5 Nh6 11. Bxh6 gxh6 12. Nd4 1/2-1/2

[Event "Dutch Open 2010"]
[Site "Dieren NED"]
[Date "2010.08.05"]
[Round "9.20"]
[White "Kampman, Tijmen"]
[Black "Stjazhkina, Olga"]
[Result "0-1"]
[WhiteElo "2058"]
[BlackElo "2273"]
[PlyCount "52"]
[EventDate "2010.07.27"]
[EventType "swiss"]
[EventRounds "9"]
[EventCountry "NED"]
[Source "lmi"]
[SourceDate "2010.07.27"]

1. e4 e5 2. d3 Bc5 3. Be3 Bxe3 4. fxe3 Nf6 5. Nf3 Nc6 6. c4 d6 7. Nc3 Ng4 8.
Qd2 f5 9. exf5 Bxf5 10. Be2 Nf6 11. e4 Be6 12. d4 exd4 13. Nxd4 Qd7 14. O-O O-O
15. b3 Rae8 16. Rae1 Ne5 17. Qg5 c6 18. Nf5 Bxf5 19. Rxf5 Nf7 20. Qh4 Nxe4 21.
Nxe4 Qxf5 22. Bd3 Nh6 23. Rf1 Qe5 24. Rd1 Rf4 25. Nf6+ Qxf6 26. Qh5 Qe5 0-1

[Event "Dutch Open 2010"]
[Site "Dieren NED"]
[Date "2010.08.05"]
[Round "9.21"]
[White "Shalnev, Nikolai"]
[Black "Kartsev, Alexandr"]
[Result "1/2-1/2"]
[WhiteElo "2436"]
[BlackElo "2145"]
[PlyCount "165"]
[EventDate "2010.07.27"]
[EventType "swiss"]
[EventRounds "9"]
[EventCountry "NED"]
[Source "lmi"]
[SourceDate "2010.07.27"]

1. e4 d5 2. exd5 Nf6 3. Bb5+ Bd7 4. Bc4 Bg4 5. f3 Bc8 6. Nc3 Nbd7 7. Qe2 a6 8.
a4 Nb6 9. Qd3 Nxc4 10. Qxc4 e6 11. dxe6 Bxe6 12. Qh4 Be7 13. Qf2 O-O 14. Nge2
Nd5 15. Nxd5 Bxd5 16. d3 Bf6 17. O-O Re8 18. c3 Bb3 19. Nf4 Qd7 20. Nh5 Be7 21.
Qg3 g6 22. Bg5 Qc6 23. d4 f6 24. Bd2 Bxa4 25. Rfe1 Bc2 26. Nf4 Bd6 27. Qf2 Qb5
28. Rxe8+ Rxe8 29. Re1 Bf5 30. Rxe8+ Qxe8 31. g4 Bc2 32. Nd5 Qe6 33. c4 c6 34.
Qe3 Qf7 35. Nf4 Qe7 36. c5 Qxe3+ 37. Bxe3 Be7 38. d5 cxd5 39. Nxd5 Bd8 40. Bd4
Kf7 41. Kf2 Bb3 42. Nb6 Be6 43. h3 f5 44. Ke3 fxg4 45. fxg4 h5 46. Kf4 Bc7+ 47.
Kg5 Bd8+ 48. Kf4 Bc7+ 49. Kg5 Bd8+ 50. Kf4 g5+ 51. Kf3 Kg6 52. Na4 Bd5+ 53. Kf2
Be6 54. Kf3 Bd5+ 55. Kf2 Bc7 56. Nc3 Bc6 57. Nd1 Bf4 58. Ne3 Be4 59. Nc4 Bd5
60. Ne3 Be6 61. Kf3 Bd7 62. Kf2 Bxe3+ 63. Bxe3 hxg4 64. hxg4 Bxg4 65. b4 Bd1
66. Kg3 Kf5 67. Bd2 g4 68. Kf2 Ke4 69. Bc3 Kd3 70. Be1 Bf3 71. Kg3 Kc2 72. Kf2
Kd1 73. Bc3 Bc6 74. Kg3 Bd7 75. Kf2 Be6 76. Kg3 Ke2 77. Kg2 Bb3 78. Kg3 Bd1 79.
Kg2 Kd3 80. Be1 Bf3+ 81. Kf2 Kc2 82. Kg3 Kd1 83. Bc3 1/2-1/2

[Event "Dutch Open 2010"]
[Site "Dieren NED"]
[Date "2010.08.05"]
[Round "9.22"]
[White "Lombaers, Peter"]
[Black "Sprangers, Remco"]
[Result "0-1"]
[WhiteElo "2042"]
[BlackElo "2260"]
[PlyCount "146"]
[EventDate "2010.07.27"]
[EventType "swiss"]
[EventRounds "9"]
[EventCountry "NED"]
[Source "lmi"]
[SourceDate "2010.07.27"]

1. d4 Nf6 2. c4 e6 3. Nc3 Bb4 4. Qc2 O-O 5. a3 Bxc3+ 6. Qxc3 d5 7. Bg5 dxc4 8.
Qxc4 b6 9. Nf3 Ba6 10. Qc2 Qd5 11. g3 Nbd7 12. Bg2 Rac8 13. O-O Qc4 14. Qxc4
Bxc4 15. Rfe1 c5 16. e4 cxd4 17. e5 Nd5 18. Nxd4 h6 19. Bd2 Nc5 20. Bb4 Rfd8
21. Bxc5 bxc5 22. Ne2 Bb3 23. Nc1 Ba4 24. b3 Bb5 25. Ra2 c4 26. bxc4 Bxc4 27.
Ra1 Ne7 28. Bf1 Rd5 29. Bxc4 Rxc4 30. Nb3 Nc6 31. f4 Rc3 32. Rab1 Rdd3 33. Rec1
Rxc1+ 34. Rxc1 Rxb3 35. Rxc6 Rxa3 36. Kg2 g5 37. h3 gxf4 38. gxf4 Kg7 39. f5
exf5 40. Rf6 Ra2+ 41. Kg3 Ra1 42. Kg2 a5 43. Rxf5 a4 44. Rf6 a3 45. Ra6 a2 46.
Ra7 Kg6 47. Kh2 Kg5 48. Kg2 h5 49. Kh2 h4 50. Kg2 Kh6 51. Kh2 Kh5 52. Kg2 Kg5
53. Kh2 Re1 54. Rxa2 Rxe5 55. Rg2+ Kh5 56. Rg8 Re2+ 57. Kh1 Re6 58. Rg7 f5 59.
Rg8 Rg6 60. Rh8+ Kg5 61. Kg2 Rd6 62. Kf2 Rd3 63. Kg2 Re3 64. Kh2 Re2+ 65. Kg1
Rb2 66. Ra8 Re2 67. Rh8 Kf4 68. Kf1 Ra2 69. Rxh4+ Kf3 70. Ke1 Ke3 71. Kf1 f4
72. Kg1 f3 73. Rb4 Ra1+ 0-1

[Event "Dutch Open 2010"]
[Site "Dieren NED"]
[Date "2010.08.05"]
[Round "9.23"]
[White "Beerdsen, Thomas"]
[Black "Mostertman, Milan"]
[Result "0-1"]
[WhiteElo "1976"]
[BlackElo "2207"]
[PlyCount "118"]
[EventDate "2010.07.27"]
[EventType "swiss"]
[EventRounds "9"]
[EventCountry "NED"]
[Source "lmi"]
[SourceDate "2010.07.27"]

1. e4 c5 2. Nf3 Nc6 3. Bb5 g6 4. O-O Bg7 5. Bxc6 bxc6 6. c3 d5 7. exd5 cxd5 8.
d4 cxd4 9. cxd4 Nf6 10. Nc3 O-O 11. Re1 Rb8 12. Ne5 Qd6 13. Nd3 Qb6 14. Bf4 Ra8
15. Rxe7 Bf5 16. Be5 Bxd3 17. Qxd3 Qxb2 18. Rd1 Rac8 19. Na4 Qxa2 20. Rxa7 Ne4
21. Bg3 Rc4 22. Nb6 Qxa7 23. Nxc4 Nxg3 24. hxg3 dxc4 25. Qxc4 Rd8 26. d5 Qe7
27. Qb5 Qd7 28. Qa5 Qd6 29. Re1 Bf6 30. Rd1 Kg7 31. Qa4 Rb8 32. Qe4 Rb4 33. Qf3
Rb5 34. Qe4 Ra5 35. Qf3 Rc5 36. Qe4 Qe5 37. Qf3 Qd6 38. Qe4 h6 39. Qf3 Rc3 40.
Rd3 Rc5 41. Rd1 h5 42. Qe4 Qe5 43. Qf3 Rc3 44. Qf4 Qxf4 45. gxf4 Rc4 46. g3 Rd4
47. Rxd4 Bxd4 48. Kg2 f5 49. f3 Kf7 50. g4 Ke7 51. Kg3 Bf6 52. Kh3 Kd6 53. Kg3
Kxd5 54. Kh3 Kd4 55. Kg3 Ke3 56. g5 Bc3 57. Kh3 Kxf4 58. Kh4 Kxf3 59. Kh3 Be1
0-1

[Event "Dutch Open 2010"]
[Site "Dieren NED"]
[Date "2010.08.05"]
[Round "9.24"]
[White "Both, Erik"]
[Black "Hendrikx, Niels"]
[Result "0-1"]
[WhiteElo "2195"]
[BlackElo "2108"]
[PlyCount "72"]
[EventDate "2010.07.27"]
[EventType "swiss"]
[EventRounds "9"]
[EventCountry "NED"]
[Source "lmi"]
[SourceDate "2010.07.27"]

1. e4 e6 2. d3 d5 3. Nd2 Nf6 4. g3 Be7 5. Bg2 c5 6. Ngf3 Nc6 7. O-O O-O 8. Re1
b6 9. e5 Nd7 10. Nf1 Re8 11. h4 f6 12. exf6 Nxf6 13. Bf4 Bd6 14. Ne5 Qc7 15.
Ng4 Bxf4 16. Nxf6+ gxf6 17. Qg4+ Kh8 18. Qxf4 Qxf4 19. gxf4 Bb7 20. c3 f5 21.
Rad1 Kg7 22. Rd2 Kf6 23. Rde2 Re7 24. Ne3 Rg8 25. Kh2 d4 26. Nc4 Rg4 27. Kh3
Rxg2 28. Kxg2 Ne5+ 29. Kf1 Nxd3 30. Ne5 Ba6 31. c4 Nxe1 32. Rxe1 Rg7 33. f3 b5
34. Nd3 Rc7 35. Re5 bxc4 36. Nxc5 Rxc5 0-1

[Event "Dutch Open 2010"]
[Site "Dieren NED"]
[Date "2010.08.05"]
[Round "9.25"]
[White "Blom, Vincent"]
[Black "Vogel, Jaap"]
[Result "1/2-1/2"]
[WhiteElo "2089"]
[BlackElo "2184"]
[PlyCount "22"]
[EventDate "2010.07.27"]
[EventType "swiss"]
[EventRounds "9"]
[EventCountry "NED"]
[Source "lmi"]
[SourceDate "2010.07.27"]

1. Nf3 d5 2. g3 b5 3. Bg2 Nf6 4. O-O Bb7 5. b3 e6 6. Bb2 Be7 7. c4 c6 8. d4
Nbd7 9. Nbd2 O-O 10. Qc2 a5 11. Ne1 Qb6 1/2-1/2